Ausgewahlte Aufsatze und Beitrage
Bewaard in:
| Hoofdauteur: | |
|---|---|
| Formaat: | Boek |
| Taal: | Duits |
| Gepubliceerd in: |
Frankfurt am Main
Vittorio Klostermann
2011
|
| Reeks: | Studien zur europaischen Rechtsgeschichte, 265
|
| Onderwerpen: | |
| Tags: |
Voeg label toe
Geen labels, Wees de eerste die dit record labelt!
|
MARC
| LEADER | 00000cam a2200000 a 4500 | ||
|---|---|---|---|
| 001 | UCF6632 | ||
| 003 | CL-VaPUC | ||
| 008 | 130509e20110000GW |||||||||||||||||ger|d | ||
| 020 | |a 9783465041375 | ||
| 082 | 0 | 4 | |a 349.943 |b STO |2 21 |
| 100 | 0 | |a Stolleis, Michael |e author |9 568643 | |
| 245 | 1 | 0 | |a Ausgewahlte Aufsatze und Beitrage |
| 300 | |a v | ||
| 942 | |c BK | ||
| 945 | |d 20130509 00:00:00 |a dcastane | ||
| 260 | |a Frankfurt am Main |b Vittorio Klostermann |c 2011 | ||
| 650 | 0 | |a Derecho alemán |9 385144 | |
| 650 | 0 | |a Fuentes del derecho |9 255162 | |
| 583 | |a last modification |c 20130509 12:56:00 |k Rodrigo Vera | ||
| 490 | 0 | |a Studien zur europaischen Rechtsgeschichte, 265 | |
| 999 | |c 351771 |d 351769 | ||
| 952 | |0 0 |1 0 |4 0 |6 349_943000000000000_STO_2011 |7 0 |8 DER_ROM |9 456098 |a BIBDER |b BIBDER |d 2019-11-22 |h v.1 |i 4966309 |o 349.943 STO 2011 |p 4966309 |r 2023-01-25 |w 2019-11-22 |x Ubicación 4to piso |y BK |z Este recurso debe solicitarse con anticipación |k DER | ||
| 952 | |0 0 |1 0 |4 0 |6 349_943000000000000_STO_2011 |7 0 |8 DER_ROM |9 456099 |a BIBDER |b BIBDER |d 2019-11-22 |h v.2 |i 4966317 |o 349.943 STO 2011 |p 4966317 |r 2023-01-25 |w 2019-11-22 |x Ubicación 4to piso |y BK |z Este recurso debe solicitarse con anticipación |k DER | ||